| Tag |
First Indicator |
Second Indicator |
Subfields |
| LEADER |
00000cas a2200000 a 4500 |
| 001 |
in00002715613 |
| 005 |
20211120161931.0 |
| 006 |
m | |
| 007 |
cr ||||||||||| |
| 008 |
100407d194u1974dcuar os f0 0eng c |
| 010 |
|
|
|a 2011230764
|
| 022 |
|
|
|y 0094-4572
|
| 035 |
|
|
|a (OCoLC)ocn604995966
|
| 040 |
|
|
|a OCLCE
|b eng
|c OCLCE
|d GPO
|d MvI
|d UtOrBLW
|
| 042 |
|
|
|a dlr
|a pcc
|
| 043 |
|
|
|a n-us---
|
| 049 |
|
|
|a WWW
|
| 074 |
|
|
|a 0024-D (online)
|
| 086 |
0 |
|
|a A 88.34/5:
|
| 245 |
0 |
0 |
|a Light air-cured tobacco market review.
|
| 246 |
1 |
|
|a Light air cured tobacco market review
|
| 264 |
|
1 |
|a Washington, D.C. :
|b U.S. Dept. of Agriculture, Consumer and Marketing Service, Tobacco Division.
|
| 300 |
|
|
|a volumes :
|b digital, PDF files.
|
| 310 |
|
|
|a Annual
|
| 336 |
|
|
|a text
|b txt
|2 rdacontent
|
| 337 |
|
|
|a computer
|b c
|2 rdamedia
|
| 338 |
|
|
|a online resource
|b cr
|2 rdacarrier
|
| 362 |
1 |
|
|a Ceased with: TOB-LA-19 (1974 Crop, 1974-75 season).
|
| 588 |
|
|
|a Description base on: TOB-LA-15 (1970 crop, 1970-71 season); title from PDF cover (viewed July 13, 2011).
|
| 588 |
|
|
|a Latest issue consulted: TOB-LA-19 (1974 Crop, 1974-75 season).
|
| 580 |
|
|
|a Split into: Tobacco market review. Light air-cured. Burley, type 31; and: Tobacco market review. Southern Maryland.
|
| 515 |
|
|
|a Each issue published in 2 parts: Pt. 1, Type 31, Burley; Pt. 2, Type 32, Maryland.
|
| 550 |
|
|
|a Issued by the United States Consumer and Marketing Service, Tobacco Division, <1964>-71; and by the United States Agricultural Marketing Service, Tobacco Division, 1972-74.
|
| 500 |
|
|
|a Electronic resource.
|
| 650 |
|
0 |
|a Tobacco industry
|z United States
|v Statistics
|v Periodicals.
|
| 710 |
1 |
|
|a United States.
|b Agricultural Marketing Service.
|b Tobacco Division.
|
| 710 |
1 |
|
|a United States.
|b Consumer and Marketing Service.
|b Tobacco Division.
|
| 776 |
0 |
8 |
|i Print version:
|t Light air-cured tobacco market review
|x 0094-4572
|w (DLC) 74648015
|w (OCoLC)1796256
|
| 785 |
1 |
6 |
|t Tobacco market review. Light air-cured. Burley, type 31
|x 1942-3802
|w (DLC) 2007230573
|w (OCoLC)85373999
|
| 785 |
1 |
6 |
|t Tobacco market review. Southern Maryland
|
| 856 |
4 |
0 |
|3 Issues for pt. 1 only, 1970-1974
|u https://purl.fdlp.gov/GPO/gpo9835
|t 0
|
| 999 |
|
|
|a MARS
|
| 999 |
f |
f |
|s 393cf5c0-b718-351b-b618-3a4769fea4a5
|i 39ff9253-a6fd-3895-95af-8be9aae7badc
|t 0
|
| 952 |
f |
f |
|a Texas A&M University
|b College Station
|c Electronic Resources
|d Available Online
|t 0
|e A 88.34/5:
|h Superintendent of Documents classification
|
| 998 |
f |
f |
|a A 88.34/5:
|t 0
|l Available Online
|